Najbardziej wysunięte na północ populacje małp - Statystyki

Ogólne statystyki
  • Ten quiz został rozwiązany 963 razy
  • Średni wynik to 7 z 10
Statystyki odpowiedzi
° N Państwo % Poprawnych
35,4 Chiny
95%
34,5 Indie
89%
41,5 Japonia
89%
35,6 Pakistan
69%
30,0 Nepal
68%
28,3 Bhutan
61%
28,5 Mjanma
55%
34,7 Afganistan
54%
35,9 Maroko
47%
36,7 Algieria
43%
Nie znaleziono quizów pasujących do podanych kryteriów
Rozkład punktacji
Procent ludzi z każdym wynikiem
Percentyl według liczby udzielonych odpowiedzi
Twoja historia wyników
Nie rozwiązałeś tego quizu